Normal view
MARC view
- Republic of turkey
Entry Personal Name
001 - CONTROL NUMBER
- control field: 46484
003 - CONTROL NUMBER IDENTIFIER
- control field: NUST
005 - DATE AND TIME OF LATEST TRANSACTION
- control field: 20210314133534.0
008 - FIXED-LENGTH DATA ELEMENTS
- fixed length control field: 210314|| aca||aabn | a|a d
040 ## - CATALOGING SOURCE
- Original cataloging agency: NUST
- Transcribing agency: NUST
100 ## - HEADING--PERSONAL NAME
- Personal name: Republic of turkey
670 ## - SOURCE DATA FOUND
- Source citation: Work cat.: (NUST): Republic of turkey, The south aegean rregion
